| 000 | 01497 a2200301 4500 | ||
|---|---|---|---|
| 003 | OSt | ||
| 005 | 20180116192335.0 | ||
| 008 | 120510t xxu||||| |||| 00| 0 eng d | ||
| 010 | _a99028364 | ||
| 020 | _a0892818034 (alk. paper) | ||
| 040 | _c0 | ||
| 082 | 0 | 0 | _a745.44917 |
| 100 | 1 |
_aCritchlow, Keith. _91314 |
|
| 245 | 1 | 0 |
_aIslamic patterns : _ban analytical and cosmological approach / _cKeith Critchlow. |
| 260 |
_aRochester, Vt. : _bInner Traditions, _c1999. |
||
| 300 |
_a192 p. : _bill. (some col. ; _c26 cm. |
||
| 500 | _aOriginally published: London : Thames and Hudson, 1976. | ||
| 500 | _aSimultaneously published in London by Thames and Hudson. | ||
| 505 | _a 1. The Point of Departure -- 2. The Manifestation of Shape -- 3. Magic Squares -- 4. Pattern and Cosmology -- 5. The Pentagon -- 6. The Tetractys -- 7. The Mathematics of two-dimensional Space-filling -- 8. The Circle and Cosmic Rhythms -- 9. Specimen Islamic | ||
| 650 | 0 |
_aIslamic art. _91315 |
|
| 650 | 0 |
_aIslamic art and symbolism. _91316 |
|
| 650 | 0 |
_aArt _xMathematics. _91317 |
|
| 856 | 4 | 2 |
_3Contributor biographical information _uhttp://www.loc.gov/catdir/enhancements/fy0644/99028364-b.html |
| 856 | 4 | 2 |
_3Publisher description _uhttp://www.loc.gov/catdir/enhancements/fy0644/99028364-d.html |
| 856 | 4 | 2 |
_3Table of contents only _uhttp://www.loc.gov/catdir/enhancements/fy0644/99028364-t.html |
| 942 |
_aSADA _cBK _k745.44917 CRI 1999 _2ddc |
||
| 999 |
_c352451 _d352451 |
||